LEADER 01047nam a2200253 i 4500 001 000000059022 003 CaOOAMICUS 005 20240130100402.0 008 090325s1997 it u000 u ita u 020 $a88-420-5232-9 040 $aSeMil$bita 100 1 $aAlzati, Cesare.$0(OLS)http://semarc/name/2564 245 12$aL'età moderna /$cCesare Alzati, Paolo Bettiolo, Emidio Campi ... [et al.]. 300 $aVIII, 538 p. ;$c22 cm 650 4$aCristianesimo - Storia - Età Moderna.$0(OLS)http://semarc/subject/5958 700 1 $aCampi, Emidio.$0(OLS)http://semarc/name/30106 700 1 $aBettiolo, Paolo,$d<1947- >.$0(OLS)http://semarc/name/7302 773 0 $tStoria del Cristianesimo.$dRoma ; Bari : Laterza & Figli, 1997.$g3$w()1523 850 $aSeMil 852 $aSeMil$W1$xVenegono$y1$m3A II 273$j25175$B25175$CSeMilBibl$Z2$F25178 $81 961 $aAcquisto: Glossa (Libreria) 996 $6020$a88-420-5232-9$9(OLS)http://semarc/number/34796 996 $6245$aL'età moderna$9(OLS)http://semarc/title/59059 LEADER 01405nam a2200289 i 4500 001 000000158281 003 CaOOAMICUS 005 20070205000000.0 008 070205s1983 it u000 u ita u 013 $a135644 040 $aSeMil$bita 245 10$aBacon a Brera :$be quaranta disegni di Grosz in sosta a Milano /$cPrefazione di Carlo Bertelli ; testi di Mario De Micheli e Giovanni Testori ; catalogo a cura di Valentina Maderna. 260 $aMilano :$bMulthipla edizioni,$ccopyr. 1983. 300 $a83 p. :$briccamente ill. ;$c23 cm. 500 $aFondo Ciprandi. 650 4$aGrosz, George - Cataloghi di eposizioni.$0(OLS)http://semarc/subject/16899 650 4$aBacon, Francis <1909-1992> - Esposizioni - 1983.$0(OLS)http://semarc/subject/16900 700 1 $aBertelli, Carlo <1930->.$0(OLS)http://semarc/name/3549 700 1 $aMaderna, Valentina.$0(OLS)http://semarc/name/41326 700 1 $aTestori, Giovanni,$d<1923-1993>.$0(OLS)http://semarc/name/6487 700 1 $aDe Micheli, Mario.$0(OLS)http://semarc/name/15482 850 $aSeMil 852 $aSeMil$W1$xVenegono$y1$m5W VI 9$j109932$B109932$CSeMilBibl$Z2$F119579 $81 941 1 $a1 961 $aOmaggio: Ciprandi dott. Paolo 996 $6245$aBacon a Brera :$be quaranta disegni di Grosz in sosta a Milano$9(OLS)http://semarc/title/139612 996 $6260$aMilano :$bMulthipla edizioni$9(OLS)http://semarc/publisher/44049